000 00321nam a2200145Ia 4500
100 _aGraham/Frank D
942 _cBK
654 _aelectronics
245 _aAudels Power Plant Engineers Guide
260 _bTaraporevala Sons
_c1963
082 _a621.3121
_bGRA
300 _a964
546 _aENGLISH
999 _c27999
_d27999